000 00271nam a22001217a 4500
082 _a823
_bAPP/A
100 _aNAIR, APPUKKUTTAN
245 _aATHENA'S OWL NEVER FLIES AT NIGHT
260 _aALUVA
_bPEN BOOKS
_c2005
300 _a159
650 _aNOVEL
_zINDIA
942 _cBK
999 _c2591
_d2591